Curtain's up!
Պահպանված է:
| Հիմնական հեղինակ: | |
|---|---|
| Ձևաչափ: | Գիրք |
| Լեզու: | անգլերեն |
| Հրապարակվել է: |
Kendall Hunt Pub.
2001
|
| Ցուցիչներ: |
Ավելացրեք ցուցիչ
Չկան պիտակներ, Եղեք առաջինը, ով նշում է այս գրառումը!
|
MARC
| LEADER | 00000nam a22000007a 4500 | ||
|---|---|---|---|
| 008 | 211104b ||||| |||| 00| 0 eng d | ||
| 100 | |a Marschner, Sarah Jane. | ||
| 245 | |a Curtain's up! |c Sarah Jane Marschner. |g VII,83p. | ||
| 260 | |b Kendall Hunt Pub. |c 2001 |h Dubuque, IA |i 652596 |i 653679 |i 658630 |l PN2038 .M35 |m Theater |m Acting |m Theater management | ||
| 942 | |a lcc |c BK |e Adeyeye Y. S. |f 04/11/21 | ||
| 952 | |0 0 |1 0 |2 lcc |4 0 |6 PN2038 M35 |7 0 |9 3848 |a HOL |b HOL |c LP |d 2021-11-04 |l 0 |o PN 2038 .M35 |p 2021-67578 |r 2021-11-04 00:00:00 |w 2021-11-04 |y BK | ||
| 952 | |0 0 |1 0 |2 lcc |4 0 |6 PN2038 M35 |7 0 |9 3849 |a HOL |b ART |c LP |d 2021-11-04 |l 0 |o PN 2038 .M35 |p 2021-67579 |r 2021-11-04 00:00:00 |w 2021-11-04 |y BK | ||
| 952 | |0 0 |1 0 |2 lcc |4 0 |6 PN2038 M35 |7 0 |9 3850 |a HOL |b HOL |c LP |d 2021-11-04 |l 0 |o PN 2038 .M35 |p 2021-67580 |r 2021-11-04 00:00:00 |w 2021-11-04 |y BK | ||
| 999 | |c 1923 |d 1923 | ||